| 000 | 01142nam a2200241 i 4500 | ||
|---|---|---|---|
| 001 | 182596 | ||
| 003 | ES-MaACL | ||
| 005 | 20250716052855.0 | ||
| 008 | 131001s1865 sp a | |||||||| | spa d | ||
| 080 | _a908(460.152) | ||
| 080 | _a94(460.152) | ||
| 100 | 1 |
_aRodríguez García, Francisco. _998538 |
|
| 245 | 1 | 0 |
_aCrónica del Señorío de Vizcaya / _cpor Don Francisco Rodríguez García. |
| 260 |
_aMadrid : _bAquiles Ronchi, _c1865. |
||
| 300 |
_a164 p., [10] h. de lám., [1] h. de mapas : _bil. ; _c34 cm. |
||
| 490 | 1 | _aCrónica general de España, ó sea Historia ilustrada y descriptiva de sus provincias, sus poblaciones más importantes y posesiones de Ultramar / dirigida por Cayetano Rosell | |
| 651 | 4 |
_aVizcaya- _xDescripción. _9137398 |
|
| 651 | 4 |
_aVizcaya- _xHistoria. _99542 |
|
| 700 | 1 |
_aRosell, Cayetano, _d1817-1883 _999681 |
|
| 830 | 0 |
_aCrónica general de España, o sea Historia ilustrada y descriptiva de sus provincias, sus poblaciones más importantes de la península y posesiones de Ultramar _9224862 |
|
| 852 |
_aES-MaACL _jC-1579(3) _z.- Encuadernado con otras obras |
||
| 999 |
_c182596 _d182596 |
||